| 000 | 00765nam a22002537a 4500 | ||
|---|---|---|---|
| 003 | AR-RoUNCS | ||
| 005 | 20251219124323.0 | ||
| 008 | 251219t2017 ag ||||| |||| 00| 1 spa|| | ||
| 020 | _a978-987-1026-28-9 | ||
| 040 |
_cAR-RoUNCS _aAR-RoUNCS |
||
| 080 | _082-2 | ||
| 245 | 0 | 0 |
_aAntígona / _cSófocles. Sueño de una noche de verano / William Shakespeare. |
| 250 | _a1a ed. | ||
| 260 |
_aSanta Fe : _bMinisterio de Educación de la Provincia de Santa Fe, _c2017. |
||
| 300 |
_a88 p. ; _c25 cm. |
||
| 490 | 0 | _aRedes de Tinta | |
| 650 | 4 | _aLiteratura clásica | |
| 655 | 4 | _aTeatro | |
| 700 | 0 |
_aSófocles _eautor |
|
| 700 | 1 |
_aShakespeare, William, _d1564-1616 _eautor |
|
| 740 | 0 | 2 | _aAntígona |
| 740 | 0 | 2 | _aSueño de una noche de verano |
| 942 |
_2ddc _cLPD _n0 |
||
| 999 |
_c865 _d865 |
||